[Event "Baden ch-U14"]
[Site "Karlsruhe"]
[Date "2006.01.05"]
[Round "6.1"]
[White "Schmitt, Philipp"]
[Black "Technau, Niklas"]
[Result "1/2-1/2"]
[WhiteElo "1761"]
[BlackElo "1494"]
[PlyCount "60"]
[EventDate "2006.01.02"]
[EventType "swiss"]
[EventRounds "7"]
[EventCountry "GER"]
[SourceTitle "EXT 2007"]
[Source "ChessBase"]
[SourceDate "2006.11.23"]
[SourceVersion "1"]
[SourceVersionDate "2006.11.23"]
[SourceQuality "1"]

1. e4 e6 2. d4 b6 3. Be3 Nf6 4. f3 d5 5. e5 Nfd7 6. Bd3 c5 7. c3 Ba6 8. Ne2 Bxd3 9. Qxd3 Be7 10. 0-0 0-0 11. f4 Nc6 12. Nd2 cxd4 13. Nxd4 Nxd4 14. Bxd4 Bc5 15. Nf3 h6 16. Rad1 Qc7 17. Kh1 Rac8 18. g4 Bxd4 19. Qxd4 Qc4 20. Qxc4 Rxc4 21. Nd4 a6 22. Kg2 g6 23. Kg3 Nb8 24. h3 Nc6 25. Nxc6 Rxc6 26. Rd4 b5 27. Rfd1 Rfc8 28. Kf3 Kf8 29. Ke3 Ke7 30. Kf3 Kd7 1/2-1/2

[Event "Baden ch-U14"]
[Site "Karlsruhe"]
[Date "2006.01.05"]
[Round "5.3"]
[White "Weber, Raphael"]
[Black "Technau, Niklas"]
[Result "0-1"]
[WhiteElo "1635"]
[BlackElo "1494"]
[PlyCount "102"]
[EventDate "2006.01.02"]
[EventType "swiss"]
[EventRounds "7"]
[EventCountry "GER"]
[SourceTitle "EXT 2007"]
[Source "ChessBase"]
[SourceDate "2006.11.23"]
[SourceVersion "1"]
[SourceVersionDate "2006.11.23"]
[SourceQuality "1"]

1. e4 e6 2. d3 b6 3. Nf3 Bb7 4. Qe2 c5 5. g3 Bd6 6. Bg2 Bc7 7. 0-0 Ne7 8. c4 0-0 9. Re1 Qe8 10. Nc3 a6 11. Bd2 f5 12. Rad1 Nbc6 13. b3 f4 14. Bc1 Ng6 15. Rf1 Nd4 16. Nxd4 cxd4 17. Nb1 Rf6 18. Nd2 e5 19. Nf3 h6 20. Bd2 d6 21. Bh3 Bc8 22. Bxc8 Qxc8 23. Ne1 Qh3 24. Qf3 Nh4 25. Qh1 f3 26. Nc2 a5 27. a4 Rg6 28. Na3 Rf8 29. Nb5 Bb8 30. Na3 Rg4 31. b4 Rf6 32. bxa5 Rfg6 33. Be1 bxa5 34. Nb1 Qg2+ 35. Qxg2 fxg2 36. Bxa5 gxf1Q+ 37. Kxf1 Nf3 38. h3 R4g5 39. Bd8 Re6 40. Bxg5 Nxg5 41. h4 Nf7 42. Na3 Ba7 43. Nb5 Re7 44. Ra1 Bc5 45. a5 Nd8 46. a6 Nc6 47. Ke2 Na7 48. Nxa7 Rxa7 49. Kd2 Kf7 50. f4 Kg6 51. Ra5 Bb4+ 0-1

[Event "Baden ch-U14"]
[Site "Karlsruhe"]
[Date "2006.01.04"]
[Round "4.3"]
[White "Technau, Niklas"]
[Black "Boernsen, Frederick"]
[Result "1-0"]
[WhiteElo "1494"]
[BlackElo "1467"]
[PlyCount "101"]
[EventDate "2006.01.02"]
[EventType "swiss"]
[EventRounds "7"]
[EventCountry "GER"]
[SourceTitle "EXT 2007"]
[Source "ChessBase"]
[SourceDate "2006.11.23"]
[SourceVersion "1"]
[SourceVersionDate "2006.11.23"]
[SourceQuality "1"]

1. e4 e5 2. Nf3 Nc6 3. Bb5 Nf6 4. 0-0 d6 5. d3 Bd7 6. c3 Be7 7. Ba4 0-0 8. Bc2 h6 9. Nbd2 Nh7 10. Nc4 f5 11. exf5 Bxf5 12. Ne3 Be6 13. d4 exd4 14. Nxd4 Nxd4 15. Qxd4 Nf6 16. Nf5 Qd7 17. Nxe7+ Qxe7 18. Re1 Qf7 19. Qd3 Bd5 20. Be3 Be4 21. Qe2 Bxc2 22. Qxc2 Rae8 23. Qb3 b6 24. Qxf7+ Kxf7 25. Rad1 Re6 26. f3 Kg6 27. Bd4 Rfe8 28. Rxe6 Rxe6 29. Kf2 Nd5 30. g3 Kf7 31. Bxg7 Nf4 32. gxf4 Kxg7 33. Rd4 Kf7 34. Ra4 a5 35. Re4 Rg6 36. c4 Rg7 37. a4 Rg6 38. b3 h5 39. Rd4 c6 40. f5 Rf6 41. Ke3 Rxf5 42. Rxd6 Rc5 43. Kd4 Ke7 44. Rh6 Kd7 45. f4 Kc7 46. Re6 Kd7 47. Re5 Rxe5 48. Kxe5 Ke7 49. f5 h4 50. h3 c5 51. f6+ 1-0